Catálogo

Vista normal Vista MARC

Entrada Personal Name

Número de registros utilizados en: 2

001 - CONTROL NUMBER

  • control field: 9945

003 - CONTROL NUMBER IDENTIFIER

  • control field: DLC

005 - DATE AND TIME OF LATEST TRANSACTION

  • control field: 20190911093558.0

008 - FIXED-LENGTH DATA ELEMENTS

  • fixed length control field: 840712n| acannaab| |a aaa |||

010 ## - LIBRARY OF CONGRESS CONTROL NUMBER

  • LC control number: n 84038743

040 ## - CATALOGING SOURCE

  • Original cataloging agency: DLC
  • Transcribing agency: Mx-PuUPA
  • Modifying agency: DLC
  • Modifying agency: OCoLC
  • Modifying agency: Mx-PuUPA
  • Language of cataloging: spa
  • Description conventions: rda

100 10 - HEADING--PERSONAL NAME

  • Personal name: Linn, Sheila Fabricant,

374 ## - OCCUPATION

  • Occupation: Autor

375 ## - GENDER

  • Gender: mujer

377 ## - ASSOCIATED LANGUAGE

  • Language code: eng

400 10 - SEE FROM TRACING--PERSONAL NAME

  • Control subfield: nne
  • Personal name: Fabricant, Sheila

400 10 - SEE FROM TRACING--PERSONAL NAME

  • Personal name: Fabricant, Sheila M.

670 ## - SOURCE DATA FOUND

  • Source citation: Linn, D. Praying with another for healing, c1984:
  • Information found: t.p. (Sheila Fabricant) cover, p. 4 (Sheila M. Fabricant; dir., Merton House, St. Louis [Mo.])

670 ## - SOURCE DATA FOUND

  • Source citation: Linn, D. Belonging, c1993:
  • Information found: CIP t.p. (Sheila Fabricant Linn)

670 ## - SOURCE DATA FOUND

  • Source citation: Sanando las relaciones con bebes nacidos muertos y abortados, 1986:
  • Information found: t.p. (Sheila Fabricant Linn) de portada

670 ## - SOURCE DATA FOUND

  • Source citation: Biblioteca del congreso (Estados Unidos), 11 septiembre 2019:
  • Information found: Catálogo electrónico
  • Uniform Resource Identifier: http://bit.ly/2m6tGQF